000 00639cam a22002294a 4500
001 16043393
005 20241108210503.0
008 090926s2009 ii 001 0 eng d
020 _a9788171772216
050 0 0 _aKNS3710
_b.M35 2009
082 0 4 _a347.54077
_222
100 1 _aMallick, M. R.,
_d1930-
245 1 0 _aWrits :
_blaw & practice /
_cby M. R. Mallick.
250 _a2nd ed.
260 _aKolkata :
_bEastern Law House,
_c2009.
300 _a167, 1138 p. ;
_c25 cm.
500 _aIncludes index.
650 0 _aExtraordinary remedies
_zIndia.
650 0 _aWrits
_zIndia.
650 0 _aHabeas corpus
_zIndia.
942 _2lcc
_cBK
_n0
999 _c950
_d950